000 00933cam a22002777a 4500
999 _c5008
_d5008
001 14014983
003 OSt
005 20190918145316.0
008 020110s2001 at a b 001 0 eng d
010 _a 2005415714
020 _a0646396242
035 _a(OCoLC)ocm48766140
040 _aAGL
_cAGL
_dIWA
_dOCLCQ
_dDLC
082 _aWB 432
_bL84r 2001
100 1 _aLonsdale, Tom.
_910727
245 1 0 _aRaw Meaty Bones :
_bpromote health
260 _aAustralia :
_bRivetco P/L,
_c2001.
300 _a389 p. :
_bill. ;
_c23 cm.
504 _aIncludes bibliographical references (p. [349]-369) and index.
650 0 _aPets
_xFeeding and feeds.
_910728
650 0 _aPets
_xNutrition.
_910729
650 0 _aPet food industry.
_910730
906 _a7
_bcbc
_ccopycat
_d2
_encip
_f20
_gy-gencatlg
942 _2z
_cO_SHELF